[Event "Hilton Master Open 2013"]
[Site "Basel SUI"]
[Date "2013.01.02"]
[Round "2.20"]
[White "Edouard, Romain"]
[Black "Bagri, Jaspaul"]
[Result "1-0"]
[WhiteTitle "GM"]
[WhiteElo "2686"]
[BlackElo "2178"]
[WhiteFideId "633429"]
[BlackFideId "1307347"]
[EventDate "2013.01.01"]

1. e4 e5 2. Nf3 Nc6 3. Bb5 a6 4. Ba4 Nf6 5. O-O Be7 6. d3 b5 7. Bb3 d6 8. a4 Bd7
9. c3 O-O 10. Nbd2 Na5 11. Bc2 c5 12. Re1 Qc7 13. Nf1 Rfe8 14. Bg5 h6 15. Bh4
Be6 16. Ne3 Nc6 17. Bb3 Na5 18. Bxe6 fxe6 19. b4 cxb4 20. cxb4 Nc6 21. d4 Nxe4
22. Bxe7 Nxe7 23. axb5 axb5 24. Rc1 Qb7 25. dxe5 d5 26. Nd4 Ng6 27. f3 Ng5 28.
Rc5 Qf7 29. Nec2 Nf4 30. Qd2 Ra2 31. g3 Qg6 32. Rc3 Ngh3+ 33. Kf1 Nh5 34. Qd3
Nxg3+ 35. hxg3 Qxg3 36. Qd2 Nf4 37. Qf2 Qh3+ 38. Kg1 Rf8 39. Qh2 g5 40. Qxh3
Nxh3+ 41. Kh2 Nf4 42. Ra1 Rfa8 43. Rxa2 Rxa2 44. Nxb5 Kf7 45. Nd4 1-0

[Event "Hilton Master Open 2013"]
[Site "Basel SUI"]
[Date "2013.01.04"]
[Round "5.6"]
[White "Vajda, Levente"]
[Black "Loetscher, Roland"]
[Result "1-0"]
[WhiteTitle "GM"]
[BlackTitle "FM"]
[WhiteElo "2603"]
[BlackElo "2395"]
[WhiteFideId "1203975"]
[BlackFideId "1305239"]
[EventDate "2013.01.01"]

1. e4 c5 2. c3 d5 3. exd5 Qxd5 4. d4 Nf6 5. Nf3 Bg4 6. dxc5 Qxd1+ 7. Kxd1 Nc6 8.
b4 a5 9. b5 Ne5 10. Nd2 e6 11. c6 bxc6 12. Ke1 Bd6 13. bxc6 O-O 14. Nd4 Rfc8 15.
Bb5 Nd5 16. Ne4 Bf8 17. f4 Ng6 18. Nf2 e5 19. Nxg4 exd4 20. cxd4 Bb4+ 21. Kf2
Bc3 22. Be3 Bxa1 23. Rxa1 Ngxf4 24. Bxf4 Nxf4 25. Ne3 Ne6 26. d5 Nc7 27. Bc4 Ne8
28. Rd1 Nd6 29. Bd3 Rc7 30. Nc4 Nxc4 31. Bxc4 Rd8 32. Bb5 Rd6 33. Ke3 Kf8 34.
Kd4 Rg6 35. Kc5 Rg5 36. Kb6 Rc8 37. c7 1-0

[Event "Hilton Master Open 2013"]
[Site "Basel SUI"]
[Date "2013.01.05"]
[Round "7.31"]
[White "Staechelin, Ruedi"]
[Black "Bagri, Jaspaul"]
[Result "1-0"]
[WhiteElo "2078"]
[BlackElo "2178"]
[WhiteFideId "1304070"]
[BlackFideId "1307347"]
[EventDate "2013.01.01"]

1. e4 e5 2. Nf3 Nc6 3. Bc4 Bc5 4. c3 Nf6 5. d3 a6 6. b4 Ba7 7. Bb3 h6 8. Nbd2 d5
9. a3 O-O 10. O-O Bg4 11. h3 Bh5 12. Bb2 Re8 13. Re1 Qd7 14. Qe2 Rad8 15. Rad1
dxe4 16. dxe4 Qd3 17. Qxd3 Rxd3 18. Bc2 Rd7 19. g4 Bg6 20. Nh4 Red8 21. Bc1 Bh7
22. Kg2 b5 23. Kf3 Ne7 24. Ke2 c5 25. f3 g5 26. Ng2 a5 27. Nf1 axb4 28. axb4
cxb4 29. cxb4 Nc6 30. Bb2 Bd4 31. Rb1 Nxb4 32. Bb3 Bxb2 33. Rxb2 Nd3 34. Reb1 h5
35. Rd2 hxg4 36. hxg4 Kf8 37. Bc2 Bxe4 38. fxe4 Nxe4 39. Rxd3 Rxd3 40. Bxd3 Nc3+
41. Ke3 Nxb1 42. Bxb1 Rd4 43. Bf5 Ke7 44. Nd2 Ra4 45. Kd3 Ra3+ 46. Kc2 Kd6 47.
Kb2 Rh3 48. Ne1 Rh2 49. Nf3 Re2 50. Kc3 f6 51. Ne4+ Ke7 52. Nfd2 Re1 53. Kb4 Rc1
54. Kxb5 Rc7 55. Nc5 Ra7 56. Nde4 Ra1 57. Nd3 Ra3 58. Nb4 Ra1 59. Nd5+ Kf7 60.
Ndxf6 Kg7 61. Nd7 Kh6 62. Nxe5 Rc1 63. Nc4 Rd1 64. Kc5 Rd8 65. Ncd6 Ra8 66. Nf7+
Kg7 67. Nfxg5 Ra5+ 68. Kd6 Ra6+ 69. Ke5 Ra5+ 70. Kf4 Ra1 71. Nf3 Ra4 72. g5 Ra1
73. Ng3 Ra4+ 74. Be4 Ra5 75. Nh5+ Kg8 76. Ne5 Ra1 77. Kf5 Rf1+ 78. Kg6 Rd1 79.
Nf6+ Kf8 80. Nh7+ Kg8 81. Bd5+ Rxd5 82. Nf6+ Kh8 83. Nf7# 1-0